Japan's trade in Asia

Shranjeno v:
Bibliografske podrobnosti
Glavni avtor: Kyung-Mo, Huh
Format: Knjiga
Jezik:Undetermined
Izdano: New York Frederick A. Praeger Publishers 1966
Teme:
Oznake: Označite
Brez oznak, prvi označite!
Thư viện lưu trữ: Trung tâm Học liệu Trường Đại học Cần Thơ
LEADER 00462nam a2200181Ia 4500
001 CTU_79325
008 210402s9999 xx 000 0 und d
082 |a 380.1 
082 |b H898 
100 |a Kyung-Mo, Huh 
245 0 |a Japan's trade in Asia 
245 0 |c Kyung-Mo Huh 
260 |a New York 
260 |b Frederick A. Praeger Publishers 
260 |c 1966 
650 |a Trade 
650 |z Japan 
980 |a Trung tâm Học liệu Trường Đại học Cần Thơ